El Mercado secundario de deuda: una posible explicación de cómo se determinan los precios de la deuda de los países en vías de desarrollo/
Analiza el proceso de determinación del precio de la deuda de los países en vías de desarrollo en el mercado secundario y aduce que, aunque el mercado no es perfectamente eficiente en el sentido financiero o no tiene todavía un alto nivel de liquidez, ofrece un valioso mecanismo para distribuir los...
Guardat en:
| Autor principal: | |
|---|---|
| Autor corporatiu: | |
| Format: | Actes de congresos Llibre |
| Idioma: | Spanish |
| Matèries: | |
| Etiquetes: |
Afegir etiqueta
Sense etiquetes, Sigues el primer a etiquetar aquest registre!
|
MARC
| LEADER | 00000nam a22000007a 4500 | ||
|---|---|---|---|
| 003 | cru CIDCACS/IIS | ||
| 005 | 20200528110355.0 | ||
| 008 | 200528s1989 ho |||p|r||||||0| ||spa|d | ||
| 999 | |c 43161 |d 43161 | ||
| 040 | |c cru CIDCACS/IIS | ||
| 100 | 1 | |9 9309 |a Vatnick, Silvina | |
| 245 | 1 | 3 | |a El Mercado secundario de deuda: |b una posible explicación de cómo se determinan los precios de la deuda de los países en vías de desarrollo/ |c Silvina Vatnick |
| 300 | |a páginas 61-127: |b tablas | ||
| 520 | |a Analiza el proceso de determinación del precio de la deuda de los países en vías de desarrollo en el mercado secundario y aduce que, aunque el mercado no es perfectamente eficiente en el sentido financiero o no tiene todavía un alto nivel de liquidez, ofrece un valioso mecanismo para distribuir los riesgos entre los países altamente endeudados y los bancos comerciales acreedores y, existe un papel muy activo para un mercado ampliado en el futuro cercano. REV/LCL | ||
| 650 | 4 | |9 9310 |a DEUDA | |
| 650 | 0 | |9 3551 |a PRÉSTAMOS | |
| 650 | 0 | |9 8056 |a MERCADO FINANCIERO | |
| 650 | 0 | |9 1873 |a ECONOMIA REGIONAL | |
| 650 | 0 | |9 2037 |a SUBDESARROLLO | |
| 711 | 2 | |9 9308 |a Reunión Latinoamericana de la Sociedad Econométrica |c San José, Costa Rica |d 1988 agosto 2-5 | |
| 773 | 0 | |0 43159 |9 4619 |a Banco Centroamericano de Integración Económica. |d Honduras: BCIE, 1971- |o MFN: 0649 |t Revista de la Integración y el Desarrollo de Centroamérica / | |
| 942 | |2 ddc |c PP | ||
